| 000 -ლიდერი |
| ფიქსირებული სიგრძის საკონტროლო ველი |
01593nam a2200277Ia 4500 |
| 001 - საკონტროლო ნომერი |
| საკონტროლო ველი |
316 |
| 003 - საკონტროლო ნომრის იდენტიფიკატორი |
| საკონტროლო ველი |
GE_BSU |
| 005 - ბოლო ოპერაციის თარიღი და დრო |
| საკონტროლო ველი |
20220617112222.0 |
| 008 - ფიქსირებული სიგრძის მონაცემთა ელემენტები - ზოგადი ინფორმაცია |
| ფიქსირებული სიგრძის საკონტროლო ველი |
181216s2005||||ge |||||||||||||| ||geo|| |
| 020 ## - წიგნის საერთაშორისო სტანდარტული ნომერი |
| International Standard Book Number |
9994085042 |
| 040 ## - კატალოგიზაციის წყარო |
| Transcribing agency |
GE_BSU |
| 041 ## - ენის კოდი |
| Language code of text/sound track or separate title |
geo |
| 080 ## - უნივერსალური ათობითი კლასიფიკაციის ინდექსი |
| Universal Decimal Classification number |
316.628 ე-55 |
| 100 ## - მთავარი ჩანაწერი - პიროვნების სახელი |
| Personal name |
ელიასი, ნორბერტ |
| 9 (RLIN) |
6744 |
| 245 ## - ცნობა სათაურის შესახებ |
| Title |
ცივილიზაციის პროცესის შესახებ : |
| Remainder of title |
წ. 1. ქცევის ცვლილებანი დასავლური სამყაროს საერო ზედა ფენებში. სოციოგენეტიკური და ფსიქოგენეტიკური გამოკვლევები / |
| Statement of responsibility, etc |
ნორბერტ ელიასი ; [მთარგმნ.: ირმა წერეთელი ; სამეცნ. რედ.: გიორგი ბარამიძე]. |
| 264 ## - წარმოების, გამოცემის, დისტრიბუციის და სხვა ცნობები |
| გამოცემის, წარმოების, დისტრიბუციის... ადგილი |
თბილისი : |
| გამოცემის, წარმოების, დისტრიბუციის... სახელწოდება |
ნეკერი, |
| გამოცემის, წარმოების, დისტრიბუციის... თარიღი |
2005. |
| 300 ## - ფიზიკური აღწერა |
| Extent |
361 გვ.; |
| Other physical details |
19 სმ. |
| 504 ## - BIBLIOGRAPHY, ETC. NOTE |
| Bibliography, etc |
ბიბლიოგრ. ტექსტ. შენიშვნ. |
| 653 ## - INDEX TERM--UNCONTROLLED |
| Uncontrolled term |
ადამიანის ქცევა |
| 653 ## - INDEX TERM--UNCONTROLLED |
| Uncontrolled term |
კულტურის სოციოლოგია |
| 653 ## - INDEX TERM--UNCONTROLLED |
| Uncontrolled term |
ცივილიზაცია |
| 653 ## - INDEX TERM--UNCONTROLLED |
| Uncontrolled term |
ცივილიზაციის ისტორია |
| 700 ## - ADDED ENTRY--PERSONAL NAME |
| Personal name |
წერეთელი, ირმა |
| Relator term |
მთარგმნელი |
| 9 (RLIN) |
6745 |
| 700 ## - ADDED ENTRY--PERSONAL NAME |
| Personal name |
ბარამიძე, გიორგი |
| Relator term |
რედაქტორი |
| 9 (RLIN) |
963 |
| 942 ## - ADDED ENTRY ELEMENTS (KOHA) |
| Koha item type |
წიგნი |
| Source of classification or shelving scheme |
|